Povinnosti zamestnávateľa voči zamestnancom starajúcim sa o deti (z pohľadu uplatnenia zásady rovnakého zaobchádzania a osobitných pracovných podmienok)
Zákon č. 365/2004 Z.z. o rovnakom zaobchádzaní v niektorých oblastiach a o ochrane pred diskrimináciou a o zmene a doplnení niektorých zákonov ( antidiskriminačný zákon) - jeho uplatnenie v praxi. Medzinárodnoprávne aspekty zásady rovnakého zaobchádzania s mužmi a ženami v pracovnoprávnych vzťahoch...
Guardado en:
| Autor principal: | |
|---|---|
| Formato: | Capítulo de libro |
| Lenguaje: | eslovaco |
| Materias: | |
| Etiquetas: |
Sin Etiquetas, Sea el primero en etiquetar este registro!
|
MARC
| LEADER | 00000naa$a2200000$$$4500 | ||
|---|---|---|---|
| 001 | 0024986 | ||
| 005 | 20231109090412.3 | ||
| 041 | 0 | |a slo | |
| 044 | |a SK | ||
| 245 | 1 | 0 | |a Povinnosti zamestnávateľa voči zamestnancom starajúcim sa o deti (z pohľadu uplatnenia zásady rovnakého zaobchádzania a osobitných pracovných podmienok) |c Milena Barinková |
| 520 | |a Zákon č. 365/2004 Z.z. o rovnakom zaobchádzaní v niektorých oblastiach a o ochrane pred diskrimináciou a o zmene a doplnení niektorých zákonov ( antidiskriminačný zákon) - jeho uplatnenie v praxi. Medzinárodnoprávne aspekty zásady rovnakého zaobchádzania s mužmi a ženami v pracovnoprávnych vzťahoch. Pracovnoprávne podmienky žien a mužov starajúcich sa o deti v pracovnoprávnom zákonodarstve SR. Zákonník práce - zákon č.311/2001 Z.Z. v znení neskorších predpisov upravujúci pracovné podmienky žien, tehotných žien, matiek a mužov starajúcich sa o deti. Predzmluvný pracovný vzťah a povinnosti zamestnávateľa. Dodržiavanie ustanovení o pracovnom čase a ochrana pri skončení pracovného pomeru. Materská a rodičovská dovolenka a dovolenka na zotavenie. | ||
| 610 | 2 | 0 | |a právo pracovné |
| 610 | 2 | 0 | |a rovnoprávnosť |
| 610 | 2 | 0 | |a ženy |
| 610 | 2 | 0 | |a muži |
| 610 | 2 | 0 | |a starostlivosť o deti |
| 610 | 2 | 0 | |a dovolenka materská |
| 610 | 2 | 0 | |a zmluvy pracovné |
| 610 | 2 | 0 | |a práca na zmeny |
| 610 | 2 | 0 | |a práca nadčasová |
| 610 | 2 | 0 | |a odmeňovanie |
| 610 | 2 | 0 | |a legislatíva |
| 610 | 2 | 0 | |a Slovensko |
| 610 | 2 | 0 | |a 2004 |
| 100 | 1 | |a Barinková, Milena | |